Partnership and the Chartered Surveyor (Record no. 88656)

MARC details
000 -LEADER
fixed length control field 00538cam a2200205 4500
001 - CONTROL NUMBER
control field D15763
008 - FIXED-LENGTH DATA ELEMENTS--GENERAL INFORMATION
fixed length control field 090401t xxu||||| |||| 00| 0 eng d
035 ## - SYSTEM CONTROL NUMBER
System control number (Sirsi) u25014
041 ## - LANGUAGE CODE
Language code of text/sound track or separate title eng
050 ## - LIBRARY OF CONGRESS CALL NUMBER
Classification number 658.042
110 ## - MAIN ENTRY--CORPORATE NAME
Corporate name or jurisdiction name as entry element Royal Institution of Chartered Surveyors
9 (RLIN) 4900
245 ## - TITLE STATEMENT
Title Partnership and the Chartered Surveyor
260 ## - PUBLICATION, DISTRIBUTION, ETC.
Name of publisher, distributor, etc. RICS
Date of publication, distribution, etc. 1980 print
300 ## - PHYSICAL DESCRIPTION
Extent Folded leaflet. 21cm
350 ## - PRICE (NR) (BK AM CF MU VM SE) [OBSOLETE]
Price 0
520 ## - SUMMARY, ETC.
Summary, etc. Filed in box RICS 1980/92 ABCD
710 ## - ADDED ENTRY--CORPORATE NAME
Corporate name or jurisdiction name as entry element Junior Organisation
9 (RLIN) 1081
942 ## - ADDED ENTRY ELEMENTS (KOHA)
Suppress in OPAC 0
948 ## - LOCAL PROCESSING INFORMATION (OCLC); SERIES PART DESIGNATOR (RLIN)
c (OCLC) 04/03/1997
Holdings
Withdrawn status Lost status Source of classification or shelving scheme Damaged status Not for loan Home library Current library Shelving location Date acquired Total Checkouts Full call number Barcode Date last seen Copy number Price effective from Koha item type
    Dewey Decimal Classification     London London RICS Boxes 22/03/1993   RICS 1980/92 30043984 06/08/2019 1 06/08/2019 Book
    Dewey Decimal Classification     London London RICS Boxes 22/03/1993   RICS 1980/92 30043985 06/08/2019 2 06/08/2019 Book
    Dewey Decimal Classification     London London RICS Boxes 22/03/1993   RICS 1980/92 30043989 06/08/2019 3 06/08/2019 Reference material
    Dewey Decimal Classification     London London RICS Boxes 28/10/1991   RICS 1980/92 30026650 06/08/2019 4 06/08/2019 Reference material